|
|
|
|
| LEADER |
00000nab a2200000 a 4500 |
| 001 |
vtls010334553 |
| 003 |
SK-MaSNL |
| 005 |
20260305032043.0 |
| 008 |
120113 2011 xo 000 0 slo |
| 038 |
|
|
|a PPPK
|
| 040 |
|
|
|a PPPKCL
|b slo
|c PPPK
|e AACR2
|
| 041 |
0 |
|
|a slo
|
| 044 |
|
|
|a xo
|c SK
|
| 080 |
|
|
|a 502/504
|x (437.6)
|2 2001
|
| 080 |
|
|
|a 502.17
|2 2001
|
| 100 |
1 |
|
|a Štefaňák, Marián
|4 aut
|9 1609538
|
| 245 |
1 |
0 |
|a Akcia: "Vyčistime si obec!"
|c Mgr. Marián Štefaňák
|
| 610 |
2 |
7 |
|a Základná škola (Matiašovce, Slovensko)
|2 pppkcl
|9 1095802
|
| 611 |
2 |
7 |
|a Vyčistime si obec Matiašovce
|g akcia
|d (2011 :
|c Matiašovce, Slovensko)
|2 pppkcl
|9 1610898
|
| 650 |
0 |
7 |
|a životné prostredie
|2 pppkcl
|9 786
|
| 650 |
0 |
7 |
|a environmentálna výchova a vzdelávanie
|2 pppkcl
|9 67556
|
| 650 |
0 |
7 |
|a ochrana životného prostredia
|2 pppkcl
|9 3352
|
| 651 |
|
7 |
|a Matiašovce (Slovensko)
|2 pppkcl
|9 54501
|
| 651 |
|
7 |
|a Kežmarok (Slovensko : okres)
|2 pppkcl
|9 51824
|
| 773 |
0 |
|
|t Naše Matiašovce
|g Roč. 1, č. 2-3 (2011), s. 5
|
| 852 |
|
|
|a PPPK
|b KIS3GCP
|
| 999 |
|
|
|c 3318530
|d 3320460
|